Public-private partnerships and contract negotiations: an empirical study (Record no. 118412)
[ view plain ]
| 000 -LEADER | |
|---|---|
| fixed length control field | 01289cam a2200241 4500 |
| 001 - CONTROL NUMBER | |
| control field | ABS68502 |
| 008 - FIXED-LENGTH DATA ELEMENTS--GENERAL INFORMATION | |
| fixed length control field | 041206n2004 000 0 eng u |
| 035 ## - SYSTEM CONTROL NUMBER | |
| System control number | (Sirsi) u128209 |
| 100 ## - MAIN ENTRY--PERSONAL NAME | |
| Personal name | Ahadzi, M. |
| 245 ## - TITLE STATEMENT | |
| Title | Public-private partnerships and contract negotiations: an empirical study |
| 260 ## - PUBLICATION, DISTRIBUTION, ETC. | |
| Date of publication, distribution, etc. | 2004 |
| 490 ## - SERIES STATEMENT | |
| Series statement | Construction Management and Economics |
| Volume/sequential designation | 22(8) November 2004, 967-978(12) |
| 520 ## - SUMMARY, ETC. | |
| Summary, etc. | Examines problems associated with the initial stages of the process of Public Private Partnership (PPP) procurement, due to unduly high bidding costs and pre-contract time overruns. This can be due mainly to the protracted nature of the negotiations. Concludes the key attributes of these problems are the nature and strength of the consortium, the quality of the technical proposals they produce for the bid and the quality of their financial proposals. Suggests a better understanding of what is important to each party in the negotiations is an important step in improving the PPP process. |
| 590 ## - LOCAL NOTE (RLIN) | |
| Local note | ABS |
| 590 ## - LOCAL NOTE (RLIN) | |
| Local note | ABS |
| 650 ## - SUBJECT ADDED ENTRY--TOPICAL TERM | |
| Topical term or geographic name entry element | PUBLIC PRIVATE PARTNERSHIPS |
| 650 ## - SUBJECT ADDED ENTRY--TOPICAL TERM | |
| Topical term or geographic name entry element | NEGOTIATION |
| 650 ## - SUBJECT ADDED ENTRY--TOPICAL TERM | |
| Topical term or geographic name entry element | CONSORTIUM |
| 650 ## - SUBJECT ADDED ENTRY--TOPICAL TERM | |
| Topical term or geographic name entry element | PUBLIC SECTOR |
| 690 ## - LOCAL SUBJECT ADDED ENTRY--TOPICAL TERM (OCLC, RLIN) | |
| Topical term or geographic name as entry element | BUILDING AND CONSTRUCTION-PROCUREMENT, PARTNERING, TENDERING |
| 700 ## - ADDED ENTRY--PERSONAL NAME | |
| Personal name | Bowles, G. |
| 942 ## - ADDED ENTRY ELEMENTS (KOHA) | |
| Suppress in OPAC | 0 |
| Withdrawn status | Lost status | Source of classification or shelving scheme | Damaged status | Not for loan | Home library | Current library | Shelving location | Date acquired | Total Checkouts | Full call number | Barcode | Date last seen | Copy number | Price effective from | Koha item type |
|---|---|---|---|---|---|---|---|---|---|---|---|---|---|---|---|
| Dewey Decimal Classification | London | London | Journal article | 06/12/2004 | ABS68502 | 128209-1001 | 06/08/2019 | 1 | 06/08/2019 | Journal article |